000 nkm a22 a 4500
999 _c346202
_d346202
003 BLK
005 20230209163848.0
008 191025b bu ||||| |||| 00| 0 bu d
040 _aBLK
041 _aBUL
_cBUL
080 _aПортретна фотография
_b77.041.5
245 _aМихаил Арнаудов дава интервю в дома си
300 _c23 Х 18 см
380 _a7
490 _9396381
_aЧастна колекция - Академик Михаил Арнаудов
_gДарение - Основен фонд
505 _tСнимка с надпис на гърба у дома ул. Славянска, 7, вх. Б 1977
852 _aМА 5069
942 _cPHO
_n0
_s1
_01